000 01192cam a2200169 4500500
005 20250921003724.0
041 _afre
042 _adc
100 1 0 _aPatterson, James
_eauthor
700 1 0 _a Gautier, Benoît
_eauthor
245 0 0 _aJD Vance and the Catholic postliberals
260 _c2025.
500 _a4
520 _aJames Patterson and Thomas Howes, young American researchers and Catholics who identify with Reagan conservatism, have observed the rise of "Catholic postliberalism" within the religious right. At a time when this fringe current, represented in government by Vice President JD Vance, has assumed decisive political importance, Patterson and Howes have embarked on a historical and theological investigation into the past experiences of Catholic postliberalism. Before a second installment in which Howes reconsiders the movement's theological and spiritual substratum, Patterson looks back at the history of Catholic postliberalism in the twentieth century and its echoes in contemporary America.
786 0 _nÉtudes | Mai | 5 | 2025-04-24 | p. 7-17 | 0014-1941
856 4 1 _uhttps://shs.cairn.info/journal-etudes-2025-5-page-7?lang=en&redirect-ssocas=7080
999 _c1506778
_d1506778